MARC
| LEADER | 000000000a22000000004500 | ||
|---|---|---|---|
| 001 | 000900 | ||
| 020 | |a 8472222721 | ||
| 041 | 0 | |a español | |
| 092 | 0 | |a U863.4 B462g2 | |
| 100 | 1 | |a Benedetti, Mario, 1920-2009 | |
| 245 | 1 | 0 | |a Gracias por el fuego |
| 260 | |a Barcelona, España: |b Laia, |c 1974 | ||
| 300 | |a 275 páginas | ||
| 500 | |a En el lomo: "número 44" | ||
| 650 | 4 | |a LITERATURA URUGUAYA | |
| 650 | 4 | |a NOVELA | |
| 999 | |c 1673 |d 1673 | ||



